Memoria sobre las causas de la sequía de las provincias de Almería y Murcia, y de los medios de atenuar sus efectos : (Record no. 98906)
[ view plain ]
| 000 -LEADER | |
|---|---|
| campo de control de longitud fija | 01147nam a2200229 i 4500 |
| 001 - NÚMERO DE CONTROL | |
| campo de control | 98906 |
| 003 - IDENTIFICADOR DE NÚMERO DE CONTROL | |
| campo de control | ES-MaACL |
| 005 - FECHA Y HORA DE LA ÚLTIMA TRANSACCIÓN | |
| campo de control | 20230906182413.0 |
| 007 - CAMPO FIJO DE DESCRIPCIÓN FÍSICA--INFORMACIÓN GENERAL | |
| campo de control de longitud fija | t| |
| 008 - DATOS DE LONGITUD FIJA--INFORMACIÓN GENERAL | |
| campo de control de longitud fija | 950918s1851 sp ||||1| spa d |
| 100 1# - ENTRADA PRINCIPAL--NOMBRE DE PERSONA | |
| Nombre de persona | Echegaray Lacosta, José, |
| Fechas asociadas al nombre | 1806-ca. 1858 |
| 9 (RLIN) | 161081 |
| 245 10 - MENCIÓN DEL TÍTULO | |
| Título | Memoria sobre las causas de la sequía de las provincias de Almería y Murcia, y de los medios de atenuar sus efectos : |
| Resto del título | escrita con arreglo al programa del real decreto de 30 de marzo de 1850, premiada con el accésit por la Real Academia de Ciencias / |
| Mención de responsabilidad, etc. | su autor Don José de Echegaray. |
| 260 ## - PUBLICACIÓN, DISTRIBUCIÓN, ETC. | |
| Lugar de publicación, distribución, etc. | Madrid : |
| Nombre del editor, distribuidor, etc. | [s.n.], |
| Fecha de publicación, distribución, etc. | 1851 ( |
| Fabricante | Imp. del Ministerio de Comercio, Instrucción y Obras Públicas) |
| 300 ## - DESCRIPCIÓN FÍSICA | |
| Extensión | 123 p. ; |
| Dimensiones | 22 cm. |
| 530 ## - NOTA DISPONIBLE DE FORMULARIO FÍSICO ADICIONAL | |
| Nota de formato físico adicional disponible | Disponible en formato digital. |
| 650 #4 - PUNTO DE ACCESO ADICIONAL DE MATERIA--TÉRMINO DE MATERIA | |
| Término de materia o nombre geográfico como elemento de entrada | Sequía- |
| Subdivisión geográfica | Murcia (Comunidad Autónoma) |
| 9 (RLIN) | 161082 |
| 650 #4 - PUNTO DE ACCESO ADICIONAL DE MATERIA--TÉRMINO DE MATERIA | |
| Término de materia o nombre geográfico como elemento de entrada | Sequía- |
| Subdivisión geográfica | Almería (Provincia) |
| 9 (RLIN) | 161083 |
| 710 2# - ENTRADA AGREGADA--NOMBRE DE ENTIDAD CORPORATIVA | |
| Nombre de entidad corporativa o nombre de jurisdicción como elemento de entrada | Real Academia de Ciencias Exactas, Físicas y Naturales de España. |
| 9 (RLIN) | 175635 |
| 852 4# - LOCALIZACIÓN | |
| Ubicación | ES-MaACL |
| Número de control de estantería | T-17-F-1 |
| 856 4# - LOCALIZACIÓN Y ACCESO ELECTRÓNICOS | |
| Identificador Uniforme de Recursos | <a href="https://bibliotecadigital.carm.es/registro/00000330 ">https://bibliotecadigital.carm.es/registro/00000330 </a> |
| Nota pública | Biblioteca Digital de la Región de Murcia |
| Estatus retirado | Estado de pérdida | Estado de daño | No para préstamo | Colección | Biblioteca de origen | Biblioteca actual | Ubicación en estantería | Fecha de adquisición | Fuente de adquisición | Total de préstamos | Signatura topográfica completa | Código de barras | Visto por última vez | Precio de reemplazo | Tipo de ítem Koha |
|---|---|---|---|---|---|---|---|---|---|---|---|---|---|---|---|
| Colección de folletos | Biblioteca del Ateneo de Madrid | Biblioteca del Ateneo de Madrid | Depósito folletos | 17/01/2008 | T-17-F-1 | 1103267 | 23/02/2023 | 23/02/2023 | Folleto |
